Estadísticas presupuestarias municipales, 1985. (Record no. 61058)

MARC details
000 -LEADER
campo de control de longitud fija 00710nam a2200193 i 4500
001 - NÚMERO DE CONTROL
campo de control 61058
003 - IDENTIFICADOR DE NÚMERO DE CONTROL
campo de control ES-MaACL
007 - CAMPO FIJO DE DESCRIPCIÓN FÍSICA--INFORMACIÓN GENERAL
campo de control de longitud fija t|
008 - DATOS DE LONGITUD FIJA--INFORMACIÓN GENERAL
campo de control de longitud fija 031110s1987 sp ||||1| spa d
020 ## - NÚMERO INTERNACIONAL ESTÁNDAR DEL LIBRO
Número Internacional Estándar del Libro 84-505-6292-9
245 00 - MENCIÓN DEL TÍTULO
Título Estadísticas presupuestarias municipales, 1985.
260 ## - PUBLICACIÓN, DISTRIBUCIÓN, ETC.
Lugar de publicación, distribución, etc. Madrid :
Nombre del editor, distribuidor, etc. Comunidad de Madrid, Consejería de Economía y Hacienda, Servicio de EStudios de Haciendas Locales,
Fecha de publicación, distribución, etc. [1987]
300 ## - DESCRIPCIÓN FÍSICA
Extensión 2 v. ;
Dimensiones 31 cm.
490 1# - MENCIÓN DE SERIE
Mención de serie Documentación y estadísticas ;
Designación de volumen o secuencia 8
505 8# - NOTA DE CONTENIDO CON FORMATO
Nota de contenido con formato Contiene: V. I: Consolidaciones y agregaciones. -- V. II: Información básica
830 0# - PUNTO DE ACCESO ADICIONAL DE SERIE-TÍTULO UNIFORME
Título uniforme Documentación y estadísticas ;
Designación de volumen o secuencia 8
9 (RLIN) 179310
852 ## - LOCALIZACIÓN
Ubicación ES-MaACL
Número de control de estantería B-459-60
Sublocalización o colección R.114831
Holdings
Estatus retirado Estado de pérdida Estado de daño No para préstamo Biblioteca de origen Biblioteca actual Ubicación en estantería Fecha de adquisición Fuente de adquisición Total de préstamos Signatura topográfica completa Código de barras Visto por última vez Precio de reemplazo Tipo de ítem Koha
        Biblioteca del Ateneo de Madrid Biblioteca del Ateneo de Madrid Sala Pardo Bazán 17/01/2008     B-459-60 1064028 23/02/2023 23/02/2023 Libro impreso